000 00543nam a2200169Ia 4500
008 090201s9999 xx 000 0 und d
010 _aKPL-35326
040 _bमराठी
041 _aमराठी
082 _a20262
_b35326
100 _aगीता मंगेशकर
245 _aपतिव्रता
_cगीता मंगेशकर
260 _c2004
_bबंादोडकर पब्लिशिंग हाऊस
300 _a220
_bमोठा
600 _aपतिव्रता
942 _cBOOK
999 _c220040
_d220040